000 00688cab a2200229 4500
001 ABS68777
008 050217n2005 000 0 eng u
035 _a(Sirsi) u128832
100 _aDavison, J.
245 _aHome is where the taxes are
260 _c2005
490 _aEstates Gazette
_v(0504) 29 January 2005, 164(1)
520 _aSets out what can and cannot be considered as a dwelling for VAT purposes and when a dwelling attracts VAT on its construction and sale.
590 _aABS
650 _aVALUE ADDED TAX
650 _aBUILT ENVIRONMENT
650 _aDWELLINGS
650 _aCONVERSIONS
650 _aRESIDENTIAL SALES
690 _aTAXATION
942 _n0
999 _c74811
_d74811